Himālaẏa. (Record no. 77452)
[ view plain ]
| 000 -LEADER | |
|---|---|
| fixed length control field | 00599cam a22002411 4500 |
| 001 - CONTROL NUMBER | |
| control field | sa 68000788 |
| 003 - CONTROL NUMBER IDENTIFIER | |
| control field | DLC |
| 005 - DATE AND TIME OF LATEST TRANSACTION | |
| control field | 20260227112427.0 |
| 008 - FIXED-LENGTH DATA ELEMENTS--GENERAL INFORMATION | |
| fixed length control field | 890720s1967 ii ab b 000 0 beno |
| 010 ## - LIBRARY OF CONGRESS CONTROL NUMBER | |
| LC control number | sa 68000788 |
| 035 ## - SYSTEM CONTROL NUMBER | |
| System control number | (OCoLC)20042902 |
| 040 ## - CATALOGING SOURCE | |
| Original cataloging agency | DLC |
| Transcribing agency | WaU |
| Modifying agency | DLC |
| 042 ## - AUTHENTICATION CODE | |
| Authentication code | premarc |
| 043 ## - GEOGRAPHIC AREA CODE | |
| Geographic area code | ah----- |
| 050 00 - LIBRARY OF CONGRESS CALL NUMBER | |
| Classification number | DS485.H6 |
| Item number | B32 |
| 100 1# - MAIN ENTRY--PERSONAL NAME | |
| Personal name | Basu, Sukumar, |
| Dates associated with a name | 1895- |
| 245 10 - TITLE STATEMENT | |
| Title | Himālaẏa. |
| 260 ## - PUBLICATION, DISTRIBUTION, ETC. | |
| Date of publication, distribution, etc. | [1967] |
| 300 ## - PHYSICAL DESCRIPTION | |
| Extent | 9, 210 p. |
| Other physical details | illus., fold. map. |
| Dimensions | 23 cm. |
| 500 ## - GENERAL NOTE | |
| General note | In Bengali. |
| 504 ## - BIBLIOGRAPHY, ETC. NOTE | |
| Bibliography, etc. note | Bibliography: p. [199]-200. |
| 651 #0 - SUBJECT ADDED ENTRY--GEOGRAPHIC NAME | |
| Geographic name | Himalaya Mountains. |
No items available.